<?xml version="1.0" encoding="UTF-8"?>
<record
    xmlns:xsi="http://www.w3.org/2001/XMLSchema-instance"
    xsi:schemaLocation="http://www.loc.gov/MARC21/slim http://www.loc.gov/standards/marcxml/schema/MARC21slim.xsd"
    xmlns="http://www.loc.gov/MARC21/slim">

  <leader>02004cam a22004457a 4500</leader>
  <controlfield tag="001">17546585</controlfield>
  <controlfield tag="003">OSt</controlfield>
  <controlfield tag="005">20230302111450.0</controlfield>
  <controlfield tag="008">121109s2013    enka     b    000 0 eng d</controlfield>
  <datafield tag="010" ind1=" " ind2=" ">
    <subfield code="a">  2011514594</subfield>
  </datafield>
  <datafield tag="020" ind1=" " ind2=" ">
    <subfield code="a">9780123978769</subfield>
  </datafield>
  <datafield tag="035" ind1=" " ind2=" ">
    <subfield code="a">(OCoLC)ocn798062279</subfield>
  </datafield>
  <datafield tag="040" ind1=" " ind2=" ">
    <subfield code="a">BTCTA</subfield>
    <subfield code="b">eng</subfield>
    <subfield code="c">LC</subfield>
    <subfield code="d">YDXCP</subfield>
    <subfield code="d">CDX</subfield>
    <subfield code="d">UKMGB</subfield>
    <subfield code="d">WIY</subfield>
    <subfield code="d">BWX</subfield>
    <subfield code="d">MMU</subfield>
    <subfield code="d">NDD</subfield>
    <subfield code="d">DLC</subfield>
  </datafield>
  <datafield tag="042" ind1=" " ind2=" ">
    <subfield code="a">lccopycat</subfield>
  </datafield>
  <datafield tag="050" ind1="0" ind2="0">
    <subfield code="a">QL938.S6.A85 </subfield>
  </datafield>
  <datafield tag="245" ind1="0" ind2="0">
    <subfield code="a">Atlas of the spinal cord of the rat, mouse, marmoset, rhesus, and human. /</subfield>
    <subfield code="c">Gulgun Sengul ... [et al.].</subfield>
  </datafield>
  <datafield tag="246" ind1="3" ind2="0">
    <subfield code="a">Spinal cord</subfield>
  </datafield>
  <datafield tag="260" ind1=" " ind2=" ">
    <subfield code="a">Boston:</subfield>
    <subfield code="b">Elsevier Academic Press,</subfield>
    <subfield code="c">2013.</subfield>
  </datafield>
  <datafield tag="300" ind1=" " ind2=" ">
    <subfield code="a">xii, 344 p. :</subfield>
    <subfield code="b">ill. (chiefly col.);</subfield>
    <subfield code="c">29 cm.</subfield>
  </datafield>
  <datafield tag="504" ind1=" " ind2=" ">
    <subfield code="a">Includes bibliographical references (p. 15-16).</subfield>
  </datafield>
  <datafield tag="505" ind1=" " ind2=" ">
    <subfield code="a">Contents: Introduction -- Methods -- List of names -- List of abbreviations -- References -- Rat plates and figures -- Mouse plates and figures -- Marmoset plates and figures -- Rhesus plates and figures -- Human plates and figures -- </subfield>
  </datafield>
  <datafield tag="650" ind1=" " ind2="0">
    <subfield code="a">Spinal cord</subfield>
    <subfield code="v">Atlases.</subfield>
    <subfield code="9">948</subfield>
  </datafield>
  <datafield tag="650" ind1=" " ind2="0">
    <subfield code="a">Anatomy, Comparative</subfield>
    <subfield code="v">Atlases.</subfield>
    <subfield code="9">949</subfield>
  </datafield>
  <datafield tag="650" ind1=" " ind2="0">
    <subfield code="a">Mice</subfield>
    <subfield code="x">Anatomy</subfield>
    <subfield code="v">Atlases.</subfield>
    <subfield code="9">950</subfield>
  </datafield>
  <datafield tag="650" ind1=" " ind2="0">
    <subfield code="a">Rats</subfield>
    <subfield code="x">Anatomy</subfield>
    <subfield code="v">Atlases.</subfield>
    <subfield code="9">951</subfield>
  </datafield>
  <datafield tag="650" ind1=" " ind2="0">
    <subfield code="a">Rhesus monkey</subfield>
    <subfield code="x">Anatomy</subfield>
    <subfield code="v">Atlases.</subfield>
    <subfield code="9">952</subfield>
  </datafield>
  <datafield tag="650" ind1=" " ind2="0">
    <subfield code="a">Callithrix jacchus</subfield>
    <subfield code="x">Anatomy</subfield>
    <subfield code="v">Atlases.</subfield>
    <subfield code="9">953</subfield>
  </datafield>
  <datafield tag="650" ind1=" " ind2="0">
    <subfield code="a">Human anatomy</subfield>
    <subfield code="v">Atlases.</subfield>
    <subfield code="9">954</subfield>
  </datafield>
  <datafield tag="650" ind1="1" ind2="2">
    <subfield code="a">Anatomy, Comparative</subfield>
    <subfield code="v">Atlases.</subfield>
    <subfield code="9">949</subfield>
  </datafield>
  <datafield tag="650" ind1="1" ind2="2">
    <subfield code="a">Spinal Cord</subfield>
    <subfield code="x">anatomy &amp; histology</subfield>
    <subfield code="v">Atlases.</subfield>
    <subfield code="9">955</subfield>
  </datafield>
  <datafield tag="650" ind1="2" ind2="2">
    <subfield code="a">Mice</subfield>
    <subfield code="x">anatomy &amp; histology</subfield>
    <subfield code="v">Atlases.</subfield>
    <subfield code="9">956</subfield>
  </datafield>
  <datafield tag="650" ind1="2" ind2="2">
    <subfield code="a">Rats</subfield>
    <subfield code="x">anatomy &amp; histology</subfield>
    <subfield code="v">Atlases.</subfield>
    <subfield code="9">957</subfield>
  </datafield>
  <datafield tag="650" ind1="2" ind2="2">
    <subfield code="a">Macaca mulatta</subfield>
    <subfield code="x">anatomy &amp; histology</subfield>
    <subfield code="v">Atlases.</subfield>
    <subfield code="9">958</subfield>
  </datafield>
  <datafield tag="650" ind1="2" ind2="2">
    <subfield code="a">Callithrix</subfield>
    <subfield code="x">anatomy &amp; histology</subfield>
    <subfield code="v">Atlases.</subfield>
    <subfield code="9">959</subfield>
  </datafield>
  <datafield tag="700" ind1="1" ind2=" ">
    <subfield code="a">Sengul, Gulgun.</subfield>
    <subfield code="9">960</subfield>
  </datafield>
  <datafield tag="856" ind1="4" ind2="2">
    <subfield code="3">Publisher description</subfield>
    <subfield code="u">http://www.loc.gov/catdir/enhancements/fy1606/2011514594-d.html</subfield>
  </datafield>
  <datafield tag="906" ind1=" " ind2=" ">
    <subfield code="a">7</subfield>
    <subfield code="b">cbc</subfield>
    <subfield code="c">copycat</subfield>
    <subfield code="d">2</subfield>
    <subfield code="e">ncip</subfield>
    <subfield code="f">20</subfield>
    <subfield code="g">y-gencatlg</subfield>
  </datafield>
  <datafield tag="942" ind1=" " ind2=" ">
    <subfield code="2">lcc</subfield>
    <subfield code="c">BK</subfield>
  </datafield>
  <datafield tag="999" ind1=" " ind2=" ">
    <subfield code="c">9405</subfield>
    <subfield code="d">16905</subfield>
  </datafield>
  <datafield tag="952" ind1=" " ind2=" ">
    <subfield code="0">0</subfield>
    <subfield code="1">0</subfield>
    <subfield code="2">lcc</subfield>
    <subfield code="4">0</subfield>
    <subfield code="7">0</subfield>
    <subfield code="a">WIUC-KL</subfield>
    <subfield code="b">WIUC-KL</subfield>
    <subfield code="c">NURS L.</subfield>
    <subfield code="d">2023-02-09</subfield>
    <subfield code="o">QL938.S6.A85 </subfield>
    <subfield code="p">KSN/1086/033/23</subfield>
    <subfield code="r">2023-03-02 00:00:00</subfield>
    <subfield code="y">BK</subfield>
  </datafield>
</record>
